| 000 | 00926nam a2200241 i 4500 | ||
|---|---|---|---|
| 001 | 59903 | ||
| 003 | ES-MaACL | ||
| 005 | 20250808075505.0 | ||
| 007 | t| | ||
| 008 | 031031s1983 sp ||||1| spa d | ||
| 080 | _a681.3 | ||
| 080 | _a342.738 | ||
| 100 | 1 |
_aCarrascosa López, Valentín. _935581 |
|
| 245 | 1 | 0 |
_aDerecho a la intimidad e informática _b: apertura curso 1983/84 : [lección inagural, Escuela universitaria...] / _cValentín Carrascosa López ; Escuela Universitaria Politécnica de Mérida]. |
| 260 |
_aMérida : _bEscuela Universitaria Politécnica, _c1983. |
||
| 300 |
_a72 p. : _bil., gráf. ; _c21 cm. |
||
| 594 | _aTít. tomado de la cub. | ||
| 650 | 4 |
_aProtección de datos- _xDerecho. _9148245 |
|
| 650 | 7 |
_aDerecho a la intimidad _2embne _9148246 |
|
| 710 | 2 |
_aUniversidad de Extremadura. _bEscuela Universitaria Politécnica. _9148247 |
|
| 852 |
_aES-MaACL _jL-6573 |
||
| 999 |
_c59903 _d59903 |
||